000 00786cam a22002175i 4500
005 20250728123322.0
020 _a9789392018176
020 _a9392018177
082 0 4 _a305.568 809 54 PRA/U
_223
100 1 _aPrashad, Vijay,
_938
245 1 0 _aUntouchable freedom :
_ba social history of the dalit community /
_cVijay Prashad ; introductory essay by Suraj Yengde.
250 _aFirst Leftword edition.
260 _a. - New Delhi
_b: Left word Books
_c, 2024
300 _a244 pages ;
500 _aFirst published in 2000 by Oxford University Press, New Delhi"--Title page verso.
504 _aIncludes bibliographical references.
650 0 _aDalits
_zIndia
_939
650 0 _aSanitation workers
_zIndia
_940
650 6 _aOuvriers à la salubrité
_zInde
_941
942 _2ddc
_cBK
999 _c750640
_d750640